000 00579nam a2200169 a 4500
008 120416s1977 ||||||||||||||||| || u
020 _a0333191390
050 _aTA 418.74 Plu
100 _aPludek, V. R
245 1 0 _aDesign and corrosion control
260 _aLondon:
_bMacmillan
_c1977
300 _aix, 383p. : ill
350 _a0.00
650 _aENGINEERING DESIGN
650 _aCORROSION AND ANTI-CORROSIVES
995 _D0.00
_FCBU-MAIN LIBRARY (Kitwe)
_H1
_I17.50
_M1
_UAVAILABLE
_ZMain Library Open Access Collection
999 _c39659
_d39659